Normal view
MARC view
- The junior school shakespeare
Entry Topical Term
001 - CONTROL NUMBER
- control field: 108331
003 - CONTROL NUMBER IDENTIFIER
- control field: NUST
005 - DATE AND TIME OF LATEST TRANSACTION
- control field: 20230201095609.0
008 - FIXED-LENGTH DATA ELEMENTS
- fixed length control field: 230201|| aca||aabn | a|a d
040 ## - CATALOGING SOURCE
- Original cataloging agency: NUST
- Transcribing agency: NUST
150 ## - HEADING--TOPICAL TERM
- Topical term or geographic name entry element: The junior school shakespeare
670 ## - SOURCE DATA FOUND
- Source citation: Work cat.: (NUST)186345: W. Barry 108330, The junior School Shakespeare / , 1939
